000 00556nam a22001817a 4500
005 20251108174840.0
008 250721s2009 xx 000 0 ara d
082 1 4 _a343.071/سلي
100 1 _aسليمان، أحمد عبد القادر
245 1 0 _aحماية المستهلك في المعاملات الالكترونية /
264 1 _aعمان :
_bالمؤلف،
_c2009.
300 _a201ص.
650 1 7 _aحماية المستهلك
650 1 7 _aالاستهلاك
650 1 7 _aالانترنت
942 _2ddc
_cBK
999 _c119684
_d119684